NBA Players Born in Canada - Statistics

General Stats
  • This quiz has been taken 171 times
    147 since last reset
  • The average score is 3 of 17
Answer Stats
Career Points Player % Correct
7645 Andrew Wiggins
90%
3425 Jamal Murray
42%
5128 Tristan Thompson
26%
4240 Kelly Olynyk
20%
1033 Dillon Brooks
18%
3630 Cory Joseph
14%
2408 Dwight Powell
12%
2166 Trey Lyles
11%
8966 Rick Fox
9%
3301 Bill Wennington
6%
4917 Jamaal Magloire
6%
1064 Joel Anthony
6%
2611 Bob Houbregs
5%
1700 Andrew Nicholson
3%
2252 Nik Stauskas
3%
2135 Ernie Vandeweghe
2%
1369 Todd MacCulloch
2%
No matching quizzes found
Score Distribution
Percent of People with Each Score
Percentile by Number Answered
Your Score History
You have not taken this quiz since the last reset